Discursos leídos ante la académia colombiana el 11 de marzo de 1911 en la recepción pública (Registro nro. 303979)

Detalles MARC
000 -ENCABEZADO
Número de control [NR] 01136nam a22002297a 4500
005 - FECHA Y HORA DE LA ÚLTIMA TRANSACCIÓN
control field 20160804091357.0
008 - DE LONGITUD FIJA DE DATOS DE ELEMENTOS - INFORMACIÓN GENERAL
Elementos de longitud fija [NR] 160804s1911 ck |||fr|||| 001 s spa d
040 ## - FUENTE DE CATALOGACION [NR]
Agencia de catalogación original [NR] CO-BoUCM
Idioma de catalogación [NR] spa
Quien Cataloga Sandra Yazo
Quien Clasifica Sandra Yazo
041 0# - CODIGO DE IDIOMA [R]
Código de idioma para texto/pista de sonido o título separado [R] Español
082 04 - NUMERO DE CLASIFICACION DECIMAL DEWEY [R]
Número de la edición [NR] 20
092 ## - SIGNATURA TOPOGRAFICA LOCAL
Número de clasificación local E40N122
100 1# - ASIENTO PRINCIPAL--NOMBRE PERSONAL [NR]
ID Autoridad 675
Nombre personal [NR] Holguín y Caro, Hernando
Fechas asociadas con el nombre [NR] 1871 1921
245 10 - MENCION DE TITULO [NR]
Título [NR] Discursos leídos ante la académia colombiana el 11 de marzo de 1911 en la recepción pública
Mención de responsabilidad, etc. [NR] del Señor Hernando Holguin y Caro
260 ## - PUBLICACION, DISTRIBUCION, ETC. (PIE DE IMPRENTA) [R]
Lugar de publicación, distribución, etc. [R] Bogotá (Colombia)
Nombre del editor, distribuidor, etc. [R] Imprenta Eléctrica
Fecha de publicación, distribución, etc. [R] 1911
300 ## - DESCRIPCION FISICA [R]
Extensión [R] 47 páginas
Dimensiones [R] 25 x 17 cm
500 ## - NOTA GENERAL [R]
Nota general [NR] Detalles físicos: Encuadernación rígida en cartón forrado en tela, tapa delantera con adornos repujados y letras en dorado. Guardas. Portada impresa en una sola tinta. Cenefa. Texto impreso en una sola tinta. Notas al pie de página. Residuos de cinta pegante
505 0# - NOTA DE CONTENIDO CON FORMATO PREESTABLECIDO [R]
Nota de contenido con formato preestablecido [NR] Discurso -- Contestación al anterior discurso, leída por el señor doctor R. M. Carrasquilla
506 ## - NOTA DE RESTRICCIONES DE ACCESO [R]
Condiciones de acceso [NR] Consulta en sala
650 #7 - ASIENTO SECUNDARIO DE MATERIA - TERMINO TEMATICO [R]
9 (RLIN) 13354
Término temático o nombre geográfico como elemento de entrada [NR] Discursos colombianos
690 ## - ASUNTO AGREGADO LOCAL DE ENTRADA - TÉRMINO TEMÁTICO (OCLC, RLIN)
Acceso temático local Literatura colombiana
9 (RLIN) 18629
942 ## - ELEMENTOS DE ENTRADA AGREGADOS (KOHA)
Sistema de clasificación LOCAL
Tipo de ítem principal el descrito en 300a Libro
Edición 1
Clasificación E40N122
Existencias
Suprimido Perdido Sistema de clasificación Dañado No prestable Tipo de ítem específico Ubicación habitual Ubicación actual Localización Fecha de creación Forma de adquisición Costo Total préstamos Signatura topográfica Código de barras Última vez visto Ejemplar Price effective from Tipo de ítem
    LOCAL     Libro archivo Archivo Histórico Archivo Histórico Archivo histórico 04/08/2016 Donación 0.00   E40N123 L005814 04/08/2016 Ej.1 04/08/2016 Libro